000 00298nam a2200109Ia 4500
008 220701s9999 xx 000 0 und d
020 _a0 7959 0029 5
082 _aJ SSO
100 _aVan Der Merwe, Marie
_965442
245 0 _aKATSE RAMABADI
942 _cBK
_w561
_xJohn Tresidder
_y296
_zPhillipina Naude
999 _c702458
_d702457